000 00571nam a2200193 a 4500
001 1771563655869
003 YourLibrary
005 20260220110811.0
008 260220s2006##################000#0#eng##
020 _a9781845424459
082 0 4 _a330.122
_bHEE
100 1 _aHeertje, Arnold,
_eauthor.
245 1 0 _aSchumpeter on the Economics of Innovation and the Development of Capitalism :
260 _bEdward Elgar Publishing,
_c2006.
300 _a168 pages
650 0 _aBiography & Autobiography.
942 _cENGLISH
040 _aYourLibrary
_beng
_cYourLibrary
999 _c613291
_d613291